| 000 | 00613nam a22001937a 4500 | ||
|---|---|---|---|
| 942 | _cBK | ||
| 999 |
_c657 _d657 |
||
| 003 | OSt | ||
| 005 | 20250420134820.0 | ||
| 008 | 210523b ||||| |||| 00| 0 eng d | ||
| 020 | _a9781475925944 | ||
| 040 |
_aKCST _cKCST |
||
| 082 |
_a629.46 _b We Sa |
||
| 100 |
_aWelti, C. Robert _95224 |
||
| 245 |
_aSatellite basics for everyone : _ban illustrated guide to satellites for non-technical and technical people / _cC. Robert Welti |
||
| 260 |
_aBloomington, IN : _biUniverse; _c2012. |
||
| 300 |
_ax, 135 pages : _billustrations ; _c23 cm |
||
| 650 |
_aArtificial satellites. _95225 |
||
| 942 | _2ddc | ||